| 000 | 00627cam a2200181 4500 | ||
|---|---|---|---|
| 001 | ##L133271 | ||
| 008 | 060425n1912 000 0 eng u | ||
| 035 | _a(Sirsi) u133271 | ||
| 041 | 0 | _aeng | |
| 050 | 0 | 4 | _a333.3320212 $2 18 |
| 100 | 1 | _aDolby, John | |
| 245 | 0 | 4 | _aThe parochial valuer's assistant for... valuing property for rating purposes |
| 260 |
_aLondon _bShaw and Sons _c1912 |
||
| 300 |
_a1 _fv. _bill _c32cm. |
||
| 520 | _aPresents a series of calculation tables setting out weekly and yearly rentals from £1 to £10 000. | ||
| 690 | _aPROPERTY-RESIDENTIAL PROPERTY-RESIDENTIAL PROPERTY TAXATION | ||
| 942 | _n0 | ||
| 999 |
_c105375 _d105375 |
||